00896 2200337 4500001002100000005001700021008004100038020002200079035002400101040001200125082000800137084001400145100001800159245007600177250001100253260002600264300002600290650002000316700003000336850001200366990001800378990001800396990001800414990001800432990001800450990001800468990001800486990001800504990001800522990001800540INLIS00000000002195520160811094632.0  a978-602-220-148-9 0010-081600000000312 aYOPDYOG a813 a813 Yoa L aYoana Dianika aLovely High Schoolc/ Yoanan Dianika.; editor, Moh Rido. S, Funny D.R.W aCet. 1 aJakartabBukunec2015 avi, 310 hlm.;c19 cm. aFiksi Indonesia aMoh. Rido. S, Funny D.R.W aYOPDYOG a12969-KS/B.16 a12970-KS/B.16 a12971-KS/B.16 a12972-KS/B.16 a12973-KS/B.16 a12974-KS/B.16 a12975-KS/B.16 a12976-KS/B.16 a12977-KS/B.16 a12978-KS/B.16